[Event "Chessemy Open 2022"]
[Site "Reinstorf"]
[Date "2022.01.31"]
[Round "3.8"]
[White "Bracker, Frank"]
[Black "Redzisz, Michal"]
[Result "1/2-1/2"]
[WhiteElo "2371"]
[BlackElo "2261"]
[Annotator "TA"]
[PlyCount "62"]
[EventDate "2022.01.29"]
[EventType "swiss"]
[EventCountry "GER"]
[SourceTitle "playchess.com"]
[Source "ChessBase"]
[SourceQuality "1"]

1. e4 e5 2. Nf3 Nf6 3. Nxe5 d6 4. Nf3 Nxe4 5. d4 d5 6. Bd3 Bd6 7. O-O O-O 8. c4 c6 9. Qc2 Na6 10. a3 f5 11. Nc3 Nc7 12. c5 Be7 13. Ne2 Bf6 14. b4 Ne6 15. Bb2 Qc7 16. Nd2 Bg5 17. Nf3 Bf6 18. a4 Bd7 19. Nd2 Nxd2 20. Qxd2 f4 21. f3 g5 22. g4 Be8 23. Bf5 Ng7 24. Bc2 Bg6 25. Bxg6 hxg6 26. Rae1 Rfe8 27. Nc1 Ne6 28. Nb3 Qg7 29. Re2 Re7 30. Qe1 Rae8 31. Qf2 a6 1/2-1/2

[Event "Chessemy Open 2022"]
[Site "Reinstorf"]
[Date "2022.01.31"]
[Round "3.8"]
[White "Steuer, Christopher"]
[Black "Paashaus, Detlef"]
[Result "0-1"]
[WhiteElo "1574"]
[BlackElo "2096"]
[Annotator "ChessBase"]
[PlyCount "62"]
[EventDate "2022.01.29"]
[EventType "swiss"]
[EventCountry "GER"]
[SourceTitle "playchess.com"]
[Source "ChessBase"]
[SourceQuality "1"]

1. e4 c5 2. Nf3 Nc6 3. d4 cxd4 4. Nxd4 Nf6 5. Nc3 e5 6. Ndb5 d6 7. Bg5 a6 8. Na3 b5 9. Nd5 Be7 10. Bxf6 Bxf6 11. c3 O-O 12. Nc2 Bg5 13. a4 bxa4 14. Rxa4 Bb7 15. Bc4 a5 16. h4 Bf4 17. g3 Bh6 18. O-O Kh8 19. Qd3 Ne7 20. Nce3 Bxe3 21. Nxe3 f5 22. Rd1 f4 23. Nd5 fxg3 24. fxg3 Nxd5 25. Bxd5 Qb6+ 26. Kh1 Bxd5 27. Qxd5 Qf2 28. Rg1 Qxb2 29. Rxa5 Rad8 30. Ra6 Rf2 31. Ra8 Rh2# 0-1

[Event "Chessemy Open 2022"]
[Site "Reinstorf"]
[Date "2022.01.31"]
[Round "3.9"]
[White "Himpenmacher, Andy"]
[Black "Peist, Juergen"]
[Result "0-1"]
[WhiteElo "2191"]
[BlackElo "2351"]
[Annotator "TA"]
[PlyCount "73"]
[EventDate "2022.01.29"]
[EventType "swiss"]
[EventCountry "GER"]
[SourceTitle "playchess.com"]
[Source "ChessBase"]
[SourceQuality "1"]

1. d4 c5 2. d5 g6 3. Nc3 Bg7 4. e4 d6 5. Nf3 Nf6 6. Bb5+ Bd7 7. a4 O-O 8. O-O Na6 9. h3 Nc7 10. Be2 a6 11. a5 Nb5 12. Nd2 Nxc3 13. bxc3 e6 14. dxe6 Bxe6 15. f4 Re8 16. Bf3 Qc7 17. Qe1 Bd5 18. Ra3 Nxe4 19. Nxe4 Bxe4 20. Bxe4 d5 21. Qd1 dxe4 22. Be3 c4 23. Qe2 Rac8 24. Bd4 e3 25. f5 Re4 26. f6 Bf8 27. Ra4 h5 28. Rf3 Qc6 29. Ra1 Rce8 30. Rb1 Bc5 31. Bxc5 Qxc5 32. Rxb7 Qxa5 33. Qe1 e2 34. Rd7 Qe5 35. Kh1 Rf4 36. Rxf4 Qxf4 37. Qd1 0-1

[Event "Chessemy Open 2022"]
[Site "Reinstorf"]
[Date "2022.01.31"]
[Round "3.9"]
[White "Krause, Marianne"]
[Black "Jalving, August"]
[Result "0-1"]
[WhiteElo "1548"]
[BlackElo "1835"]
[Annotator "NA"]
[PlyCount "82"]
[EventDate "2022.01.29"]
[EventType "swiss"]
[EventCountry "GER"]
[SourceTitle "playchess.com"]
[Source "ChessBase"]
[SourceQuality "1"]

1. d4 Nf6 2. Nc3 d5 3. Bf4 g6 4. e3 Bg7 5. Nb5 Na6 6. Nc3 O-O 7. Bxa6 bxa6 8. h3 c5 9. Nf3 Qb6 10. Na4 Qa5+ 11. c3 cxd4 12. exd4 Ne4 13. O-O Bd7 14. Nc5 Nxc5 15. b4 Qb5 16. bxc5 f6 17. Re1 Rae8 18. Rb1 Qc6 19. Rb3 e5 20. Bg3 e4 21. Nd2 f5 22. Bd6 Rf7 23. Nf1 f4 24. Kh2 Bf8 25. Bxf8 Rexf8 26. Rb2 f3 27. g3 Qc8 28. h4 Bh3 29. Ne3 Bd7 30. Nxd5 Qc6 31. Ne3 Qe6 32. Rh1 g5 33. h5 Qh6 34. Kg1 Rf4 35. gxf4 gxf4 36. Qf1 fxe3 37. Rh2 e2 38. Qb1 Kh8 39. Qe1 Rg8+ 40. Kh1 Qg5 41. Rb7 Qg1+ 0-1

[Event "Chessemy Open 2022"]
[Site "Reinstorf"]
[Date "2022.01.31"]
[Round "3.10"]
[White "Reichmann, Hendrik"]
[Black "Wronn, Bernd"]
[Result "1-0"]
[WhiteElo "2345"]
[BlackElo "2178"]
[Annotator "TA"]
[PlyCount "69"]
[EventDate "2022.01.29"]
[EventType "swiss"]
[EventCountry "GER"]
[SourceTitle "playchess.com"]
[Source "ChessBase"]
[SourceQuality "1"]

1. d4 d5 2. Nf3 Nf6 3. Bf4 c5 4. e3 Nc6 5. c3 Qb6 6. Qb3 c4 7. Qc2 Bf5 8. Qc1 e6 9. Nbd2 Qd8 10. Nh4 Bg6 11. Nxg6 hxg6 12. h3 b5 13. Be2 Bd6 14. a4 b4 15. Bxd6 Qxd6 16. b3 cxb3 17. c4 dxc4 18. Nxc4 Qc7 19. Ne5 b2 20. Qxb2 Nxe5 21. dxe5 Nd5 22. Bb5+ Ke7 23. Rc1 Qa5 24. e4 Nc7 25. Rxc7+ Qxc7 26. Qxb4+ Kd8 27. O-O a5 28. Rd1+ Kc8 29. Qb2 Qb6 30. Rd6 Qb7 31. Qc3+ Kb8 32. Qd4 Qe7 33. Rd7 Qb4 34. Qb6+ Kc8 35. Qc7# 1-0

[Event "Chessemy Open 2022"]
[Site "Reinstorf"]
[Date "2022.01.31"]
[Round "3.10"]
[White "Klein, Gernot"]
[Black "Brandt, Wolfgang"]
[Result "1-0"]
[WhiteElo "1862"]
[BlackElo "1607"]
[Annotator "NA"]
[PlyCount "87"]
[EventDate "2022.01.29"]
[EventType "swiss"]
[EventCountry "GER"]
[SourceTitle "playchess.com"]
[Source "ChessBase"]
[SourceQuality "1"]

1. e4 c6 2. d4 d5 3. Nd2 dxe4 4. Nxe4 Nd7 5. Ng5 Ngf6 6. Bd3 e6 7. Qe2 Nb6 8. N1f3 Bd6 9. O-O O-O 10. c4 Bc7 11. b3 h6 12. Ne4 Nbd7 13. Bb2 Nxe4 14. Qxe4 Nf6 15. Qe2 Re8 16. Rfd1 Bd7 17. Ne5 Kf8 18. Qf3 Bxe5 19. dxe5 Ng8 20. Ba3+ Re7 21. Bg6 f6 22. Qd3 fxe5 23. Qxd7 Qa5 24. Bxe7+ Nxe7 25. Qxe6 Nxg6 26. Qxg6 Qc3 27. Qd3 Qb4 28. Qd6+ Qxd6 29. Rxd6 e4 30. Re1 Re8 31. Rd4 b5 32. Rdxe4 Rd8 33. cxb5 c5 34. Kf1 Rd2 35. R4e2 Rd5 36. Rc1 Kf7 37. Rec2 g5 38. Rxc5 Rd2 39. Rc7+ Ke6 40. Rxa7 g4 41. b6 h5 42. b7 h4 43. b8=Q g3 44. Qe8+ 1-0

[Event "Chessemy Open 2022"]
[Site "Reinstorf"]
[Date "2022.01.31"]
[Round "3.11"]
[White "Kardoeus, David"]
[Black "Colbow, Collin"]
[Result "1/2-1/2"]
[WhiteElo "2169"]
[BlackElo "2322"]
[Annotator "TA"]
[PlyCount "58"]
[EventDate "2022.01.29"]
[EventType "swiss"]
[EventCountry "GER"]
[SourceTitle "playchess.com"]
[Source "ChessBase"]
[SourceQuality "1"]

1. e4 c5 2. Nf3 d6 3. d4 cxd4 4. Nxd4 Nf6 5. Nc3 Nc6 6. Bg5 e6 7. Qd2 a6 8. O-O-O Be7 9. f4 Bd7 10. Nf3 b5 11. Bxf6 gxf6 12. f5 Qb6 13. fxe6 fxe6 14. Kb1 O-O-O 15. Ne2 Qf2 16. Qc3 Qc5 17. Qd2 Kb8 18. Nf4 Bc8 19. g3 d5 20. Nd3 Qb6 21. exd5 Rxd5 22. Bg2 e5 23. Qh6 Rd6 24. Qg7 Qd8 25. Nh4 Nb4 26. Be4 Rg8 27. Qxh7 Rh8 28. Qg7 Rg8 29. Qh7 Rh8 1/2-1/2

[Event "Chessemy Open 2022"]
[Site "Reinstorf"]
[Date "2022.01.31"]
[Round "3.11"]
[White "Hilbenz, Guntram"]
[Black "Zoellner, Bente"]
[Result "1-0"]
[WhiteElo "1857"]
[BlackElo "1562"]
[Annotator "NA"]
[PlyCount "78"]
[EventDate "2022.01.29"]
[EventType "swiss"]
[EventCountry "GER"]
[SourceTitle "playchess.com"]
[Source "ChessBase"]
[SourceQuality "1"]

1. c4 c5 2. g3 Nf6 3. Bg2 d5 4. cxd5 Nxd5 5. Nc3 Nc7 6. d3 Nc6 7. Bxc6+ bxc6 8. Be3 Nd5 9. Bd2 e5 10. Nf3 Bd6 11. Ne4 f6 12. Rc1 Rb8 13. Qa4 Ne7 14. b3 Rb7 15. O-O Bh3 16. Rfd1 O-O 17. Nxc5 Bxc5 18. Rxc5 Qd7 19. Rdc1 Rc8 20. Qc4+ Be6 21. Qc2 Rb6 22. e4 Bg4 23. Ne1 Rb5 24. Be3 a6 25. f3 Be6 26. Qc3 Rd8 27. Rd1 Rdb8 28. Rd2 Qa7 29. Nc2 Qc7 30. d4 Rxc5 31. Qxc5 Rb5 32. Qc3 Qd6 33. dxe5 Qxe5 34. Qxe5 Rxe5 35. Bf4 Ra5 36. Nd4 Bf7 37. Bc7 Rc5 38. Kg2 Rc3 39. Ne2 Rc5 1-0

[Event "Chessemy Open 2022"]
[Site "Reinstorf"]
[Date "2022.01.31"]
[Round "3.12"]
[White "Lehaci, Miruna-Daria"]
[Black "Baum, Jonasz"]
[Result "1/2-1/2"]
[WhiteElo "2200"]
[BlackElo "2287"]
[Annotator "TA"]
[PlyCount "180"]
[EventDate "2022.01.29"]
[EventType "swiss"]
[EventCountry "GER"]
[SourceTitle "playchess.com"]
[Source "ChessBase"]
[SourceQuality "1"]

1. e4 e6 2. d4 d5 3. Nc3 Bb4 4. e5 c5 5. Bd2 Ne7 6. a3 Bxc3 7. Bxc3 b6 8. Nf3 Ba6 9. Bxa6 Nxa6 10. h4 Nb8 11. h5 h6 12. Qe2 Nbc6 13. b4 cxd4 14. Nxd4 Nxd4 15. Bxd4 Rc8 16. O-O Rc4 17. Rfd1 Nf5 18. c3 O-O 19. Rd3 Qg5 20. Rad1 Rfc8 21. g3 Qe7 22. Kg2 Qd7 23. g4 Nxd4 24. cxd4 Qe7 25. Qe3 Qh4 26. Qf4 Rc3 27. Rxc3 Rxc3 28. Rh1 Qg5 29. Qxg5 hxg5 30. Rh3 Rc4 31. Rd3 Kh7 32. Kg3 Kh6 33. Rf3 Rc7 34. Kg2 Kh7 35. Kg3 Kg8 36. Rd3 Rc1 37. Kg2 Kf8 38. Kf3 Ke7 39. Kg2 Ke8 40. Kh2 Rc4 41. Kg3 Kf8 42. Kg2 Rc1 43. Kh2 Kg8 44. Kg2 a6 45. Kh2 Rc4 46. Kg3 a5 47. bxa5 bxa5 48. Kg2 a4 49. Kg3 Rc2 50. Kg2 Rc1 51. Kh2 Rb1 52. Kg2 Rb3 53. Rf3 Kf8 54. Kg3 Ke7 55. Kg2 Ke8 56. Kg3 Kf8 57. Kg2 Kg8 58. Kg3 Rb1 59. Rd3 Rg1+ 60. Kf3 Kh7 61. Rc3 Ra1 62. Ke2 Ra2+ 63. Ke3 g6 64. hxg6+ Kxg6 65. Kf3 Rb2 66. Ke3 Rb6 67. Ke2 Rb2+ 68. Ke3 Rb1 69. Ke2 Rg1 70. f3 Rb1 71. Kd2 Rb2+ 72. Rc2 Rb7 73. Rc6 Rb2+ 74. Rc2 Rb8 75. Rc6 Kg7 76. Rc7 Rb6 77. Rc3 Kg6 78. Rc8 Kg7 79. Rc3 Kf8 80. Rc8+ Ke7 81. Rc7+ Ke8 82. Rc8+ Kd7 83. Rf8 Ke7 84. Rc8 Rb7 85. Rc2 Kd7 86. Rc3 Rb8 87. Rc5 Rb3 88. Rc3 Rb1 89. Rc1 Rb7 90. Rc3 Ke7 1/2-1/2

[Event "Chessemy Open 2022"]
[Site "Reinstorf"]
[Date "2022.01.31"]
[Round "3.13"]
[White "Pubantz, Jan"]
[Black "Koellner, Aaron Noah"]
[Result "0-1"]
[WhiteElo "2286"]
[BlackElo "2155"]
[Annotator "TA"]
[PlyCount "116"]
[EventDate "2022.01.29"]
[EventType "swiss"]
[EventCountry "GER"]
[SourceTitle "playchess.com"]
[Source "ChessBase"]
[SourceQuality "1"]

1. d4 d5 2. c4 e6 3. g3 Nf6 4. Bg2 Bb4+ 5. Nd2 O-O 6. Ngf3 dxc4 7. Qc2 a5 8. a3 Bxd2+ 9. Bxd2 b5 10. a4 c6 11. Bg5 Ra7 12. Ne5 Bb7 13. Qd2 c5 14. Bxb7 Rxb7 15. dxc5 Qd5 16. Qxd5 Nxd5 17. c6 Rb6 18. e4 Nb4 19. c7 f6 20. O-O-O Rb7 21. cxb8=Q Rfxb8 22. Bd2 fxe5 23. Bxb4 axb4 24. axb5 Rxb5 25. Rd7 Ra5 26. Rhd1 c3 27. Kc2 Ra2 28. Rb1 Rf8 29. Kb3 Rxb2+ 30. Rxb2 cxb2 31. Kxb2 Rxf2+ 32. Kb3 Rxh2 33. Kxb4 Re2 34. Re7 Kf8 35. Rxe6 Rxe4+ 36. Kc5 Kf7 37. Ra6 Re3 38. g4 Re4 39. Kd5 Rxg4 40. Kxe5 h5 41. Kf5 g6+ 42. Ke5 Kg7 43. Ra1 Kh6 44. Rf1 Kg5 45. Rh1 h4 46. Rh2 Rg1 47. Ke4 Kg4 48. Ke3 Kg3 49. Ra2 g5 50. Ra5 g4 51. Ke2 h3 52. Ra3+ Kg2 53. Ke3 h2 54. Kf4 h1=Q 55. Ra2+ Kf1 56. Ra1+ Ke2 57. Ra2+ Kd1 58. Ra1+ Kc2 0-1

[Event "Chessemy Open 2022"]
[Site "Reinstorf"]
[Date "2022.01.31"]
[Round "3.13"]
[White "Bergmann, Paul"]
[Black "Hipler, Andreas"]
[Result "0-1"]
[WhiteElo "1401"]
[BlackElo "1803"]
[Annotator "NA"]
[PlyCount "44"]
[EventDate "2022.01.29"]
[EventType "swiss"]
[EventCountry "GER"]
[SourceTitle "playchess.com"]
[Source "ChessBase"]
[SourceQuality "1"]

1. d4 Nf6 2. c4 e6 3. Nf3 Bb4+ 4. Nc3 O-O 5. a3 Bxc3+ 6. bxc3 b6 7. g3 Ba6 8. e3 Ne4 9. Qc2 f5 10. Nd2 Nxd2 11. Qxd2 Bb7 12. d5 d6 13. Bg2 e5 14. Qd3 Nd7 15. O-O Nc5 16. Qe2 Qf6 17. e4 f4 18. f3 Ba6 19. Qa2 Nb7 20. Rd1 Na5 21. Bf1 fxg3 22. hxg3 Qxf3 0-1

[Event "Chessemy Open 2022"]
[Site "Reinstorf"]
[Date "2022.01.31"]
[Round "3.14"]
[White "De Winter, Arthur"]
[Black "Schulze, Lara"]
[Result "0-1"]
[WhiteElo "2122"]
[BlackElo "2282"]
[Annotator "TA"]
[PlyCount "78"]
[EventDate "2022.01.29"]
[EventType "swiss"]
[EventCountry "GER"]
[SourceTitle "playchess.com"]
[Source "ChessBase"]
[SourceQuality "1"]

1. e4 e5 2. Nf3 Nc6 3. Bb5 g6 4. O-O Bg7 5. c3 a6 6. Ba4 Nge7 7. d4 exd4 8. cxd4 b5 9. Bb3 O-O 10. Nc3 Na5 11. Bc2 d6 12. h3 c5 13. Bg5 h6 14. Bh4 Nac6 15. d5 Nd4 16. Nxd4 Bxd4 17. Rb1 g5 18. Bg3 f5 19. Ne2 f4 20. Nxd4 cxd4 21. Bh2 Ng6 22. f3 h5 23. Qxd4 Ne5 24. Bb3 Bd7 25. Rbc1 Qf6 26. Qd2 b4 27. Rc7 Bb5 28. Rfc1 Nd3 29. R1c2 g4 30. hxg4 hxg4 31. fxg4 Rae8 32. Bc4 Qd4+ 33. Kh1 Rxe4 34. Bxd3 Bxd3 35. R2c6 Re2 36. Qd1 Qe4 37. Qg1 f3 38. Bxd6 fxg2+ 39. Kh2 Qxg4 0-1

[Event "Chessemy Open 2022"]
[Site "Reinstorf"]
[Date "2022.01.31"]
[Round "3.14"]
[White "Klemm, Robert"]
[Black "Neves, Carlos Alberto Brasi"]
[Result "0-1"]
[WhiteElo "1793"]
[BlackElo "1914"]
[Annotator "ChessBase"]
[PlyCount "104"]
[EventDate "2022.01.29"]
[EventType "swiss"]
[EventCountry "GER"]
[SourceTitle "playchess.com"]
[Source "ChessBase"]
[SourceQuality "1"]

1. d3 g6 2. g3 Bg7 3. Bg2 Nf6 4. e4 d6 5. Nf3 O-O 6. O-O c5 7. Nbd2 Nc6 8. c3 Qc7 9. Re1 Rb8 10. a4 a6 11. Nf1 Bg4 12. Qc2 b5 13. axb5 axb5 14. h3 Bxf3 15. Bxf3 Rfc8 16. Bg2 b4 17. Ne3 bxc3 18. bxc3 Nd7 19. Bd2 Rb7 20. Ra6 e6 21. f4 Ra7 22. Qa4 Nb6 23. Rxa7 Nxa4 24. Rxc7 Rxc7 25. Rc1 Nb2 26. Bf1 Ra7 27. Rc2 Rb7 28. g4 Rb3 29. Kf2 Na7 30. f5 Nb5 31. g5 gxf5 32. exf5 Be5 33. f6 Nxc3 34. Kf3 Nb5 35. Rc1 Nxd3 36. Bxd3 Rxd3 37. Rb1 Rb3 38. Rd1 d5 39. Kg4 Nd6 40. Re1 Ne4 41. Bc1 d4 42. Nd1 h5+ 43. Kxh5 Rxh3+ 44. Kg4 Rd3 45. Rxe4 Rxd1 46. Ba3 Bd6 47. Re2 Ra1 48. Bb2 Ra2 49. g6 d3 50. Rxe6 fxe6 51. f7+ Kf8 52. g7+ Kxf7 0-1

[Event "Chessemy Open 2022"]
[Site "Reinstorf"]
[Date "2022.01.31"]
[Round "3.15"]
[White "Ewert, Hannes"]
[Black "Chennaoui, Yasin"]
[Result "1-0"]
[WhiteElo "2274"]
[BlackElo "2123"]
[Annotator "TA"]
[PlyCount "161"]
[EventDate "2022.01.29"]
[EventType "swiss"]
[EventCountry "GER"]
[SourceTitle "playchess.com"]
[Source "ChessBase"]
[SourceQuality "1"]

1. d4 Nf6 2. Nf3 d6 3. c4 Nbd7 4. Nc3 e5 5. g3 c6 6. Bg2 e4 7. Ng5 d5 8. cxd5 cxd5 9. f3 exf3 10. Nxf3 Be7 11. O-O O-O 12. Nh4 Nb6 13. Nf5 Bxf5 14. Rxf5 Qd7 15. Qd3 Rfe8 16. Bg5 Ne4 17. Nxe4 dxe4 18. Bxe4 g6 19. Ra5 f5 20. Bxe7 fxe4 21. Qb3+ Kg7 22. Bg5 Qxd4+ 23. Be3 Qd7 24. Rd1 Qe6 25. Bd4+ Kg8 26. Qxe6+ Rxe6 27. Rc1 Rd8 28. e3 Rc8 29. Rf1 a6 30. b3 Rce8 31. Rc5 Rc8 32. Rfc1 Rxc5 33. Rxc5 Nd7 34. Rc7 Ne5 35. Bxe5 Rxe5 36. Rxb7 Rc5 37. a4 Rc1+ 38. Kg2 Rc3 39. b4 Rxe3 40. a5 Re2+ 41. Kf1 Ra2 42. Re7 Rb2 43. Rb7 Ra2 44. h4 e3 45. Re7 Rb2 46. Rxe3 Rxb4 47. Re6 Ra4 48. Rxa6 Ra2 49. Ra7 Kh8 50. a6 h5 51. Ke1 Kg8 52. Kd1 Ra3 53. Kc2 Kf8 54. Kb2 Ra5 55. Kb3 Ke8 56. Kb4 Ra1 57. Kb5 Rb1+ 58. Kc6 Ra1 59. Kd6 Kf8 60. Ke6 Ra3 61. Kf6 Rf3+ 62. Kxg6 Rxg3+ 63. Kxh5 Rc3 64. Rb7 Rc5+ 65. Kg4 Rc4+ 66. Kf3 Rc3+ 67. Ke4 Rc4+ 68. Kd5 Rxh4 69. a7 Rh5+ 70. Ke4 Rh4+ 71. Kf5 Rh5+ 72. Kg6 Ra5 73. Rb8+ Ke7 74. a8=Q Rxa8 75. Rxa8 Ke6 76. Re8+ Kd6 77. Kf5 Kd5 78. Rd8+ Kc4 79. Ke5 Kc3 80. Ke4 Kc4 81. Rc8+ 1-0

[Event "Chessemy Open 2022"]
[Site "Reinstorf"]
[Date "2022.01.31"]
[Round "3.15"]
[White "Kreusch, Frank"]
[Black "Semling, Julius"]
[Result "1/2-1/2"]
[WhiteElo "1789"]
[BlackElo "1515"]
[Annotator "NA"]
[PlyCount "51"]
[EventDate "2022.01.29"]
[EventType "swiss"]
[EventCountry "GER"]
[SourceTitle "playchess.com"]
[Source "ChessBase"]
[SourceQuality "1"]

1. e4 c5 2. Nf3 d6 3. d4 cxd4 4. c3 Nf6 5. e5 dxe5 6. Nxe5 Nbd7 7. Qxd4 g6 8. Bb5 Bg7 9. Nxd7 Bxd7 10. Bxd7+ Qxd7 11. Qxd7+ Nxd7 12. O-O O-O-O 13. Na3 Ne5 14. Be3 b6 15. Bd4 Rhg8 16. Rad1 Nc6 17. Bxg7 Rxg7 18. Rxd8+ Nxd8 19. Rd1 Nc6 20. Kf1 Rg8 21. Ke2 Rd8 22. Rxd8+ Kxd8 23. Nc4 Kd7 24. Ne3 Kd6 25. Kd3 f5 26. a4 1/2-1/2

[Event "Chessemy Open 2022"]
[Site "Reinstorf"]
[Date "2022.01.31"]
[Round "3.16"]
[White "Koellner, Christof"]
[Black "Skytte, Rasmus"]
[Result "0-1"]
[WhiteElo "2122"]
[BlackElo "2377"]
[Annotator "TA"]
[PlyCount "124"]
[EventDate "2022.01.29"]
[EventType "swiss"]
[EventCountry "GER"]
[SourceTitle "playchess.com"]
[Source "ChessBase"]
[SourceQuality "1"]

1. d4 Nf6 2. Bg5 d5 3. e3 c5 4. Bxf6 gxf6 5. Nc3 Nc6 6. Qh5 cxd4 7. exd4 e6 8. Nf3 Qa5 9. Bb5 Bb4 10. O-O Bxc3 11. Bxc6+ bxc6 12. bxc3 Qxc3 13. Rfe1 Qxc2 14. Nh4 Rg8 15. Qh6 Bd7 16. Qxf6 Kf8 17. Rac1 Qd3 18. Re3 Qd2 19. Rce1 Qb4 20. g3 Re8 21. Qh6+ Rg7 22. Nf5 exf5 23. Rxe8+ Bxe8 24. Rxe8+ Kxe8 25. Qxg7 Qe1+ 26. Kg2 Qe4+ 27. Kg1 f4 28. Qg8+ Ke7 29. Qg5+ Kd7 30. gxf4 Qxd4 31. Qf5+ Ke7 32. Qxh7 Qxf4 33. Qb1 Qg4+ 34. Kf1 Qc4+ 35. Kg1 Qg4+ 36. Kf1 Qc4+ 37. Kg1 a6 38. Qb7+ Kf6 39. Qd7 d4 40. Qd6+ Kg7 41. Qg3+ Kf8 42. Qb8+ Ke7 43. Qc7+ Ke6 44. Qc8+ Ke5 45. Qh8+ Ke4 46. Qh7+ f5 47. Kg2 Qd5 48. f3+ Kd3 49. h4 Kc2 50. Qa7 d3 51. Qxa6 d2 52. Qa4+ Kc1 53. Qa3+ Kb1 54. Qb4+ Kxa2 55. Qa4+ Kb2 56. Qd1 c5 57. h5 c4 58. h6 Qg8+ 59. Kf2 c3 60. Ke2 Qe6+ 61. Kd3 Qd5+ 62. Ke3 c2 0-1

[Event "Chessemy Open 2022"]
[Site "Reinstorf"]
[Date "2022.01.31"]
[Round "3.16"]
[White "Skopp, Jonathan"]
[Black "Wagner, Frank"]
[Result "0-1"]
[WhiteElo "1466"]
[BlackElo "1948"]
[Annotator "ChessBase"]
[PlyCount "50"]
[EventDate "2022.01.29"]
[EventType "swiss"]
[EventCountry "GER"]
[SourceTitle "playchess.com"]
[Source "ChessBase"]
[SourceQuality "1"]

1. d4 Nf6 2. c4 g6 3. Nc3 Bg7 4. Nf3 O-O 5. Qc2 d6 6. e4 Nbd7 7. h3 c5 8. d5 Ne8 9. Bd3 Ne5 10. Nxe5 dxe5 11. f4 f5 12. O-O Nd6 13. Be3 b6 14. Rab1 Bd7 15. b4 cxb4 16. Rxb4 Rc8 17. fxe5 Bxe5 18. exf5 Bxf5 19. Bxf5 Rxf5 20. Ne4 Rxf1+ 21. Kxf1 Qf8+ 22. Kg1 Qf5 23. c5 bxc5 24. Bxc5 Nxe4 25. Qxe4 Rxc5 0-1

[Event "Chessemy Open 2022"]
[Site "Reinstorf"]
[Date "2022.01.31"]
[Round "3.17"]
[White "Vypkhaniuk, Ihor"]
[Black "Ermitsch, Michael"]
[Result "1-0"]
[WhiteElo "2426"]
[BlackElo "2103"]
[Annotator "TA"]
[PlyCount "63"]
[EventDate "2022.01.29"]
[EventType "swiss"]
[EventCountry "GER"]
[SourceTitle "playchess.com"]
[Source "ChessBase"]
[SourceQuality "1"]

1. Nf3 Nf6 2. c4 e6 3. g3 d5 4. d4 Bb4+ 5. Nbd2 O-O 6. Bg2 dxc4 7. O-O Bd7 8. Ne5 Bc6 9. Nxc6 Nxc6 10. Bxc6 bxc6 11. Nxc4 Qd5 12. Qd3 Rfd8 13. Be3 c5 14. Rfd1 cxd4 15. Qxd4 Be7 16. Qxd5 Nxd5 17. Rac1 Nxe3 18. Nxe3 Rxd1+ 19. Rxd1 Kf8 20. Rc1 Bd6 21. Nc4 Ke7 22. Rc2 a5 23. a4 f6 24. Kf1 Kd7 25. b3 Bb4 26. f4 Rd8 27. e3 Ke7 28. Ke2 Rd5 29. Nb2 Bd6 30. Nc4 Rh5 31. h4 Bb4 32. Rc1 1-0

[Event "Chessemy Open 2022"]
[Site "Reinstorf"]
[Date "2022.01.31"]
[Round "3.18"]
[White "Lubbe, Melanie"]
[Black "Milde, Lars"]
[Result "1-0"]
[WhiteElo "2297"]
[BlackElo "1926"]
[Annotator "TA"]
[PlyCount "91"]
[EventDate "2022.01.29"]
[EventType "swiss"]
[EventCountry "GER"]
[SourceTitle "playchess.com"]
[Source "ChessBase"]
[SourceQuality "1"]

1. e4 d5 2. exd5 Qxd5 3. Nc3 Qa5 4. g3 Nf6 5. Bg2 c6 6. d4 e5 7. Qe2 Bd6 8. Bd2 Qa6 9. dxe5 Qxe2+ 10. Ngxe2 Bxe5 11. O-O-O O-O 12. h3 Be6 13. Rhe1 Nbd7 14. Bf4 Bxc3 15. Nxc3 Nb6 16. g4 Rfe8 17. Bg3 Rad8 18. Rxd8 Rxd8 19. Bh4 Rd4 20. Bxf6 gxf6 21. Ne4 f5 22. gxf5 Bxf5 23. c3 Rd8 24. Nc5 Bc8 25. h4 Kf8 26. Be4 Re8 27. Rd1 Re5 28. b4 f5 29. Bf3 Ke7 30. Nd3 Re6 31. Nf4 Rd6 32. Re1+ Be6 33. Kc2 Kd7 34. Rg1 Bxa2 35. Rg7+ Kc8 36. Rxh7 Nc4 37. Rh8+ Kc7 38. Re8 Rh6 39. h5 Nd6 40. Re7+ Kd8 41. Rg7 Kc8 42. Ng6 Bc4 43. Kd2 Ne8 44. Ne7+ Kb8 45. Nxf5 Rf6 46. Rg5 1-0

[Event "Chessemy Open 2022"]
[Site "Reinstorf"]
[Date "2022.01.31"]
[Round "3.19"]
[White "Kempe, Caius Emilian"]
[Black "Stotyn, Fabian"]
[Result "0-1"]
[WhiteElo "2073"]
[BlackElo "2174"]
[Annotator "ChessBase"]
[PlyCount "78"]
[EventDate "2022.01.29"]
[EventType "swiss"]
[EventCountry "GER"]
[SourceTitle "playchess.com"]
[Source "ChessBase"]
[SourceQuality "1"]

1. d4 Nf6 2. c4 e6 3. Nf3 d5 4. cxd5 exd5 5. Nc3 Bd6 6. Bg5 c6 7. Qc2 Be6 8. e3 Nbd7 9. Bd3 h6 10. Bh4 O-O 11. Bg3 Qe7 12. O-O Bxg3 13. hxg3 c5 14. dxc5 Nxc5 15. Nb5 a6 16. Nbd4 Rac8 17. Rfd1 Ng4 18. Qb1 Rc7 19. Bh7+ Kh8 20. Nxe6 fxe6 21. Rd4 Rxf3 22. gxf3 Nf6 23. Bg6 e5 24. Rh4 e4 25. fxe4 dxe4 26. Qf1 Nd3 27. Bxe4 Nxf2 28. Qxf2 Nxe4 29. Qg2 Ng5 30. Re1 Rc1 31. Rxc1 Qxe3+ 32. Kh2 Nf3+ 33. Kh3 Ng5+ 34. Kh2 Nf3+ 35. Kh3 Ng5+ 36. Kg4 Qxc1 37. Qe2 Qc8+ 38. Kh5 Qf5 39. Rf4 g6+ 0-1

[Event "Chessemy Open 2022"]
[Site "Reinstorf"]
[Date "2022.01.31"]
[Round "3.20"]
[White "Perkampus, Laurin"]
[Black "Ramme, Christoph"]
[Result "1/2-1/2"]
[WhiteElo "2081"]
[BlackElo "2140"]
[Annotator "ChessBase"]
[PlyCount "46"]
[EventDate "2022.01.29"]
[EventType "swiss"]
[EventCountry "GER"]
[SourceTitle "playchess.com"]
[Source "ChessBase"]
[SourceQuality "1"]

1. d4 d5 2. Nf3 Nf6 3. Bf4 e6 4. e3 c5 5. Nbd2 Nc6 6. c3 Bd6 7. Bg3 O-O 8. Bd3 b6 9. e4 Be7 10. e5 Nh5 11. Ng5 Bxg5 12. Qxh5 g6 13. Qe2 cxd4 14. h4 Bh6 15. h5 dxc3 16. bxc3 g5 17. Ne4 dxe4 18. Qxe4 f5 19. exf6 Rf7 20. Bb5 Qxf6 21. O-O Bd7 22. Bxc6 Rc8 23. Bxd7 Rxd7 1/2-1/2

[Event "Chessemy Open 2022"]
[Site "Reinstorf"]
[Date "2022.01.31"]
[Round "3.20"]
[White "Rennkamp, Johannes"]
[Black "Lehmann, Simon"]
[Result "1/2-1/2"]
[WhiteElo "1608"]
[BlackElo "1322"]
[Annotator "NA"]
[PlyCount "106"]
[EventDate "2022.01.29"]
[EventType "swiss"]
[EventCountry "GER"]
[SourceTitle "playchess.com"]
[Source "ChessBase"]
[SourceQuality "1"]

1. Nf3 d5 2. d4 Nf6 3. c4 c6 4. Nc3 e6 5. Bg5 Be7 6. e3 h6 7. Bh4 O-O 8. Qc2 Nbd7 9. cxd5 Nxd5 10. Bxe7 Qxe7 11. a3 e5 12. Nxd5 cxd5 13. Nxe5 Nxe5 14. dxe5 Qxe5 15. Bd3 Be6 16. O-O Rfc8 17. Qd2 Rc6 18. Rac1 Rac8 19. Rxc6 Rxc6 20. Rc1 Qc7 21. Rxc6 Qxc6 22. Qc2 Qxc2 23. Bxc2 Kf8 24. Kf1 Ke7 25. Ke2 Kd6 26. Kd3 Bf5+ 27. Kc3 Bxc2 28. Kxc2 b5 29. b3 a5 30. b4 axb4 31. axb4 Ke5 32. Kd3 f5 33. h3 d4 34. exd4+ Kd5 35. h4 h5 36. g3 g6 37. f3 Kd6 38. Kd2 Kd5 39. Kd3 Kd6 40. Ke3 Kd5 41. Kf4 Kxd4 42. Kg5 Kc4 43. Kxg6 Kxb4 44. Kxh5 Kc3 45. Kg5 b4 46. h5 b3 47. h6 b2 48. h7 b1=Q 49. h8=Q+ Kd2 50. Qd8+ Ke2 51. Qe7+ Kxf3 52. Qa3+ Kg2 53. Qe3 Qc2 1/2-1/2